Central Library OPAC University of Rajshahi

Introduction to analog computation / (Record no. 6031)

MARC details
000 -LEADER
fixed length control field 00609nam a2200217 a 4500
001 - CONTROL NUMBER
control field 6031
003 - CONTROL NUMBER IDENTIFIER
rucl marc code BD-RjUL
005 - DATE AND TIME OF LATEST TRANSACTION
control field 20211208234154.0
008 - FIXED-LENGTH DATA ELEMENTS--GENERAL INFORMATION
fixed length control field 140108s1963 nyua 001 0 eng d
035 ## - SYSTEM CONTROL NUMBER
System control number (BD-RjUL)6070
040 ## - CATALOGING SOURCE
Original cataloging agency DLC
Transcribing agency OBgU
Modifying agency (BD-RjUL)
Language of cataloging eng
041 ## - LANGUAGE CODE
Language code of text/sound track or separate title eng
082 00 - DEWEY DECIMAL CLASSIFICATION NUMBER
Classification number 004.19
Author mark and year ASI 1963
Edition number 23
100 1# - MAIN ENTRY--PERSONAL NAME
Personal name Ashley, J. Robert
9 (RLIN) 18962
245 10 - TITLE STATEMENT
Title Introduction to analog computation /
Statement of responsibility, etc. Ashley, J. Robert
260 ## - PUBLICATION, DISTRIBUTION, ETC. (IMPRINT)
Place of publication, distribution, etc. New York :
Name of publisher, distributor, etc. Wiley.
Date of publication, distribution, etc. c1963.
300 ## - PHYSICAL DESCRIPTION
Pagination xi, 294 p. :
Illustrations ill. ;
Size 24 cm.
500 ## - GENERAL NOTE
General note Includes Index
650 #0 - SUBJECT ADDED ENTRY--TOPICAL TERM
Topical term or geographic name as entry element Hybrid and analog computers.
9 (RLIN) 18963
942 ## - ADDED ENTRY ELEMENTS (KOHA)
Source of classification or shelving scheme Dewey Decimal Classification
Koha item type Books
Holdings
Lost status Source of classification or shelving scheme Damaged status Not for loan Collection code Permanent Location Current Location Shelving location Date acquired Source of acquisition Cost, normal purchase price Total Checkouts Full call number Date last seen Copy number Koha item type
  Dewey Decimal Classification     Non-fiction Central Library, University of Rajshahi Central Library, University of Rajshahi   05/10/1970 Sweels & Zeitlinger 108.00   004.19 ASI 1963 08/01/2014 C-3 Books
  Dewey Decimal Classification     Non-fiction Central Library, University of Rajshahi Central Library, University of Rajshahi   05/10/1970 Swets Zetlinger 108.00   004.19 ASI 1965 18/01/2014 C-2 Books
  Dewey Decimal Classification   Not For Loan Non-fiction Central Library, University of Rajshahi Central Library, University of Rajshahi Reading Room 08/12/2021 Sweets & Zeithingers     004.19 ASI 1967 19/03/2017 C-1 Books